| 000 | 00570nam a22001817a 4500 | ||
|---|---|---|---|
| 003 | BD-DhUL | ||
| 005 | 20181209144936.0 | ||
| 008 | 181017s1963 pk ||||| |||| 00| 0 urd d | ||
| 040 |
_aBD-DhUL _cBD-DhUL |
||
| 082 |
_a891.433 _bSAJ |
||
| 100 | 3 | _aصالح محمد عثمانی۔ | |
| 245 | 0 | 0 |
_aجامع الحکایات ہندی / _cصالح محمد عثمانی۔ |
| 246 | _aJāmi'ul ḥikāyāt-e Hindī | ||
| 260 |
_aلاہور : _bمجلس ترقی ادب، _c۱۹۶۳۔ |
||
| 300 |
_aص۔ ۱۶۶ ؛ _c۲۱ سم۔ |
||
| 650 | 4 | _aUrdu fiction. | |
| 942 |
_2ddc _cBK |
||
| 999 |
_c245135 _d245135 |
||